000 00841nas a2200253Ia 4500
001 R109/F9352
003 IT-RoPAU
008 151124c99999999xx |||||||||||| ||und||
040 _aIT-RoPAU
040 _cIT-RoPAU
041 _aFRANCESE
100 _aDuret Pascal
_gCodice Aut. SPICS: 56480
210 _aCOMMUNICATIONS
222 _aCommunications
245 _aCOMMUNICATIONS, N.67 (1998)
_bTribunal De L'Injustice (Le)
250 _a1a ed.
260 _aPARIS
_bSEUIL
_c1998
501 _bPaulus - SPICS - Società San Paolo EM (non-commercial uses only)
_cCopyright2015
300 _a14 p. [135-148]
362 _aN.67 (1998)
500 _aTribunale dell'Ingiustizia Sportiva. Tribuna Stampa: Interrogatorio Mediatizzato dei Sospetti. Accusa di Dopaggio.
650 _aCOMUNICAZIONE
_vPUBBLICAZIONE PERIODICA
942 _cCR
999 _c203389
_d203389